MARC

LEADER 00000nam0a2200000 4500
001 357904
005 20231102011035.0
035 |a (RuTPU)RU\TPU\retro\15172 
090 |a 357904 
100 |a 20200811d1973 km y0rusy50 ca 
101 0 |a rus 
102 |a RU 
105 |a a z 001zy 
200 1 |a Титрометры  |f А. В. Казаков, В. М. Кантере, Л. Г. Галкин 
210 |a Москва  |c машиностроение  |d 1973 
215 |a 223 с.  |c ил. 
320 |a Библиогр.: с. 218-221 
606 1 |a Титрометры  |2 stltpush  |3 (RuTPU)RU\TPU\subj\73564  |9 86494 
610 1 |a понятия 
610 1 |a определение 
610 1 |a титрование 
610 1 |a индикация 
610 1 |a дискретные процессы 
610 1 |a САУ 
610 1 |a системы автоматического управления 
675 |a 543.24  |v 4 
700 1 |a Казаков  |b А. В. 
701 1 |a Кантере  |b В. М. 
701 1 |a Галкин  |b Л. Г. 
801 1 |a RU  |b 63413507  |c 20200811 
801 2 |a RU  |b 63413507  |c 20210331  |g RCR 
942 |c BK